01015nam a2200277 a 45000010005000000030008000050050017000130080041000300350018000710350014000890400027001030410008001300820027001381000025001652450169001902500012003592600040003713000033004116500032004446500018004767000034004947000025005289420012005539990015005659520157005808138BD-RjUL20211208234530.0140118t1971 ii 000 0 eng d a(BD-RjUL)8183 a(BD-RjUL) aANLbengcANLdBD-RjUL aeng04a346.0438216bBIC 19711 aBindra, N. S.91591210aConveyancing draftsman and interpretation of deeds with cardinal rules of legal interpretations... /c[by] N. S. Bindra ; revised by Hon'ble shri Justice [et al.]. a5th ed. aAllahabad :bLaw Publishers,c1971. aV-1 (xxx, 1028 p.) ;c25 cm. 0aConveyancingzIndia.915913 0aDeeds.9133911 aJustice, Hon'ble shri.9253521 aDesai, M. C.925353 2ddccBK c8138d8138 00102ddc3V-140708NFICaRUCLbRUCLcstackd1973-08-25eWarsi Book Corporation.g6.00l0o346.0438 BIC 1971r2014-01-18 00:00:00tC-3w2014-01-18yBK